00567 2200217 4500001002100000005001500021035002400036040001200060082001600072084002000088090002000108100001300128245004600141260004200187300003500229650002300264700001400287990001600301990001600317990001600333YOGYA00000000009992320140823124759 0010-111300000000033 aYOPDYOG 2[22]a641.5 aYOG 641.5 Tut J aYOG 641.5 Tut J aTUTI HAN aJogja album kulinercTuti Han, Raffendie. aMakasarbGrafindo Litera Mediac[s.a] a60 hlm.bilus.c14 cm (3 eks.) aMasakan-Yogyakarta aRaffendie a1937/B.2013 a1938/B.2013 a1939/B.2013